[Event "Cappelle Online Blitz op 1st"]
[Site "Europe Echecs INT"]
[Date "2021.01.10"]
[Round "4"]
[White "Breuil, Tristan"]
[Black "Belkhodja, Slim"]
[Result "0-1"]
[WhiteElo "1973"]
[BlackElo "2366"]
[PlyCount "110"]
[EventDate "2021.01.10"]
[EventType "swiss (blitz)"]
[EventRounds "11"]
[EventCountry "FRA"]
[SourceTitle "CBM 200 Extra"]
[Source "ChessBase"]
[SourceDate "2021.03.31"]
[SourceVersion "1"]
[SourceVersionDate "2021.03.31"]
[SourceQuality "1"]

1. e4 c5 2. Nf3 Nc6 3. d4 cxd4 4. Nxd4 e5 5. Nb5 a6 6. Nd6+ Bxd6 7. Qxd6 Qf6 8. Qd1 Qg6 9. Nc3 d5 10. Nxd5 Qxe4+ 11. Be3 Nd4 12. Nc7+ Ke7 13. Rc1 Bg4 14. Qd3 Qxd3 15. cxd3 Rd8 16. Bxd4 Rxd4 17. Rc4 Nf6 18. Be2 Kd6 19. Bxg4 Nxg4 20. f3 Ne3 21. Rc3 Nxg2+ 22. Kd2 Nf4 23. Ke3 Rd8 24. Rhc1 Ke7 25. Rd1 R8d7 26. a4 Kd8 27. Na8 Nd5+ 28. Ke2 Nxc3+ 29. bxc3 Rxa4 30. Nb6 Ra2+ 31. Ke3 Rd6 32. Nc4 Re6 33. Rb1 b5 34. Nd2 f5 35. h3 f4+ 36. Ke2 Rg6 37. Ke1 Rg2 38. Rd1 Raxd2 39. Rxd2 Rxd2 40. Kxd2 a5 41. Kc2 Kc7 42. Kb3 Kc6 43. Ka3 Kc5 44. Kb3 g5 45. Kc2 h5 46. Kd2 Kd5 47. Ke2 a4 48. Kd2 g4 49. hxg4 hxg4 50. fxg4 a3 51. Kc2 a2 52. Kb2 a1Q+ 53. Kxa1 f3 54. g5 f2 55. c4+ bxc4 0-1

[Event "Cappelle Online Blitz op 1st"]
[Site "Europe Echecs INT"]
[Date "2021.01.10"]
[Round "8"]
[White "Nikolov, Momchil"]
[Black "Belkhodja, Slim"]
[Result "0-1"]
[WhiteElo "2542"]
[BlackElo "2366"]
[PlyCount "58"]
[EventDate "2021.01.10"]
[EventType "swiss (blitz)"]
[EventRounds "11"]
[EventCountry "FRA"]
[SourceTitle "CBM 200 Extra"]
[Source "ChessBase"]
[SourceDate "2021.03.31"]
[SourceVersion "1"]
[SourceVersionDate "2021.03.31"]
[SourceQuality "1"]

1. d4 Nf6 2. c4 d6 3. Nc3 e5 4. Nf3 e4 5. Nd2 Bf5 6. g4 Bxg4 7. Ndxe4 Nxe4 8. Nxe4 Nc6 9. Bg2 Qd7 10. h3 Bf5 11. Ng3 Be7 12. h4 Bf6 13. d5 Nd4 14. e4 Bg4 15. f3 Be5 16. Kf2 f5 17. fxg4 fxg4 18. Qd3 0-0+ 19. Nf5 g6 20. Bh6 gxf5 21. Bxf8 Rxf8 22. exf5 Rxf5+ 23. Ke1 Nf3+ 24. Kd1 Rf4 25. Bxf3 Rxf3 26. Qe2 Qf5 27. Re1 Rd3+ 28. Kc1 Bf4+ 29. Kc2 Rd2+ 0-1

[Event "Cappelle Online Blitz op 1st"]
[Site "Europe Echecs INT"]
[Date "2021.01.10"]
[Round "2"]
[White "Pajak, Jakub Lech"]
[Black "Belkhodja, Slim"]
[Result "0-1"]
[WhiteElo "1950"]
[BlackElo "2366"]
[PlyCount "84"]
[EventDate "2021.01.10"]
[EventType "swiss (blitz)"]
[EventRounds "11"]
[EventCountry "FRA"]
[SourceTitle "CBM 200 Extra"]
[Source "ChessBase"]
[SourceDate "2021.03.31"]
[SourceVersion "1"]
[SourceVersionDate "2021.03.31"]
[SourceQuality "1"]

1. d4 d6 2. e4 Nf6 3. Nc3 c6 4. Be3 Qa5 5. Qd2 e5 6. dxe5 dxe5 7. 0-0-0 Bb4 8. f3 Bxc3 9. Qxc3 Qxc3 10. bxc3 Be6 11. Kb2 Nbd7 12. Nh3 Bxh3 13. gxh3 Nb6 14. Kb3 Nfd7 15. h4 h5 16. Bh3 Ke7 17. Rhg1 g6 18. Bg5+ f6 19. Be3 Rhg8 20. f4 exf4 21. Bxf4 Ne5 22. Bxe5 fxe5 23. Rg5 Kf6 24. Rf1+ Kg7 25. Rxe5 Rae8 26. Rg5 Re7 27. Bf5 Kh6 28. Rfg1 Reg7 29. Bh3 Nd7 30. Be6 Rd8 31. Bh3 Nf6 32. e5 Ne4 33. R5g2 Re8 34. e6 Nc5+ 35. Kc4 Nxe6 36. Bxe6 Rxe6 37. Kd3 Rd7+ 38. Kc4 Rdd6 39. Rb1 b5+ 40. Kc5 Rd5+ 41. Kb4 Re4+ 42. Ka5 Ra4# 0-1

[Event "Cappelle Online Blitz op 1st"]
[Site "Europe Echecs INT"]
[Date "2021.01.10"]
[Round "6"]
[White "Vakhidov, Jahongir"]
[Black "Belkhodja, Slim"]
[Result "1-0"]
[WhiteElo "2533"]
[BlackElo "2366"]
[PlyCount "113"]
[EventDate "2021.01.10"]
[EventType "swiss (blitz)"]
[EventRounds "11"]
[EventCountry "FRA"]
[SourceTitle "CBM 200 Extra"]
[Source "ChessBase"]
[SourceDate "2021.03.31"]
[SourceVersion "1"]
[SourceVersionDate "2021.03.31"]
[SourceQuality "1"]

1. c4 e5 2. Nc3 Bb4 3. Nd5 a5 4. Nf3 Nc6 5. a3 Bd6 6. d3 Nge7 7. Nc3 Ng6 8. g3 0-0 9. Bg2 Bc5 10. e3 d6 11. 0-0 f5 12. d4 Ba7 13. dxe5 Ncxe5 14. Nd4 Kh8 15. b3 c6 16. Bb2 Qe7 17. Nce2 a4 18. Rc1 axb3 19. Nxb3 Be6 20. Nd2 Nd3 21. Rb1 Nxb2 22. Rxb2 Bc5 23. a4 Ra7 24. Qc2 Rfa8 25. Rfb1 Ne5 26. Nd4 Bc8 27. Nxf5 Qf7 28. Nd4 h5 29. Ne4 Bxd4 30. exd4 Nf3+ 31. Bxf3 Qxf3 32. Ng5 Qf5 33. Re1 Bd7 34. Qxf5 Bxf5 35. Rbe2 g6 36. Re7 b6 37. Nf7+ Kg8 38. Nxd6 Rxe7 39. Rxe7 Rxa4 40. Kg2 Bd3 41. c5 bxc5 42. dxc5 Ra1 43. h4 Kf8 44. Re8+ Kg7 45. Re3 Bf1+ 46. Kh2 Rc1 47. Ne4 Bc4 48. Rc3 Rxc3 49. Nxc3 Kf6 50. f4 Kf5 51. Kg2 Bd3 52. Kf3 Bc4 53. Ke3 Kg4 54. Ne4 Bd5 55. Nf6+ Kxg3 56. Nxd5 cxd5 57. c6 1-0